000 004620000a22001690004500
041 0 _aSPA
082 0 4 _aG 253.1 L9911e
100 1 _aLyon, Roy Lenere
245 1 0 _aEl evangelismo según la gran comisión / Roy Lenere Lyon
260 _aEL Paso, TX. USA : Casa Bautista de Publicaciones
300 _a396 Pag
001 6349
942 _cBK
999 _c36622
_d36622
336 _atexto
_btxt
_2rdacontent
337 _2rdamedia
_asin mediación
_bn
338 _2rdacarrier
_avolumen
_bnc